<?xml version="1.0" encoding="UTF-8"?>
<collection xmlns:xsi="http://www.w3.org/2001/XMLSchema-instance" xsi:schemaLocation="http://www.loc.gov/MARC21/slim http://www.loc.gov/standards/marcxml/schema/MARC21slim.xsd" xmlns="http://www.loc.gov/MARC21/slim">
 <record>
  <leader>00000cmm a2200000 i 4500</leader>
  <controlfield tag="001">UP-99796217613975298</controlfield>
  <controlfield tag="003">Buklod</controlfield>
  <controlfield tag="005">20230718144102.0</controlfield>
  <controlfield tag="006">m     o  u        </controlfield>
  <controlfield tag="007">cr || |||a|a|a</controlfield>
  <controlfield tag="008">230718s2001    cau    go  u        eng d</controlfield>
  <datafield tag="020" ind1=" " ind2=" ">
   <subfield code="z">9780121822392</subfield>
  </datafield>
  <datafield tag="035" ind1=" " ind2=" ">
   <subfield code="a">(iLib)UPD-00536372134</subfield>
  </datafield>
  <datafield tag="040" ind1=" " ind2=" ">
   <subfield code="a">OCLCF</subfield>
   <subfield code="d">DSCI</subfield>
   <subfield code="e">rda</subfield>
  </datafield>
  <datafield tag="041" ind1=" " ind2=" ">
   <subfield code="a">eng</subfield>
  </datafield>
  <datafield tag="084" ind1=" " ind2=" ">
   <subfield code="a">QP 609 G83</subfield>
   <subfield code="b">R44 2001eb</subfield>
  </datafield>
  <datafield tag="245" ind1="0" ind2="0">
   <subfield code="a">Part F</subfield>
   <subfield code="b">regulators and effectors of small GTPases</subfield>
   <subfield code="c">edited by W.E. Balch, Channing J. Der, Alan Hall.</subfield>
  </datafield>
  <datafield tag="264" ind1=" " ind2="4">
   <subfield code="a">San Diego, CA</subfield>
   <subfield code="b">Academic Press</subfield>
   <subfield code="c">[2001]</subfield>
  </datafield>
  <datafield tag="300" ind1=" " ind2=" ">
   <subfield code="a">1 online resource (xxxiv, 492 pages)</subfield>
   <subfield code="b">illustrations</subfield>
  </datafield>
  <datafield tag="336" ind1=" " ind2=" ">
   <subfield code="a">text</subfield>
   <subfield code="2">rdacontent</subfield>
  </datafield>
  <datafield tag="337" ind1=" " ind2=" ">
   <subfield code="a">computer</subfield>
   <subfield code="2">rdamedia</subfield>
  </datafield>
  <datafield tag="338" ind1=" " ind2=" ">
   <subfield code="a">online resource</subfield>
   <subfield code="2">rdacarrier</subfield>
  </datafield>
  <datafield tag="490" ind1="1" ind2=" ">
   <subfield code="a">Methods in enzymology</subfield>
   <subfield code="v">volume 332</subfield>
  </datafield>
  <datafield tag="504" ind1=" " ind2=" ">
   <subfield code="a">Includes bibliographical references and indexes.</subfield>
  </datafield>
  <datafield tag="505" ind1="0" ind2="0">
   <subfield code="a">Sec. 1. Protein expression and protein-protein interactions -- Sec. 2. Screening analyses -- Sec. 3. Analyses of mitogen-activated protein kinase cascades.</subfield>
  </datafield>
  <datafield tag="506" ind1="0" ind2=" ">
   <subfield code="a">IP-based subscription, on campus only.</subfield>
   <subfield code="c">Access via Electronic Resources of the UPD University Library Website.</subfield>
  </datafield>
  <datafield tag="650" ind1=" " ind2="0">
   <subfield code="a">Guanosine triphosphatase.</subfield>
  </datafield>
  <datafield tag="650" ind1=" " ind2="0">
   <subfield code="a">G proteins.</subfield>
  </datafield>
  <datafield tag="650" ind1=" " ind2="0">
   <subfield code="a">Ras proteins.</subfield>
  </datafield>
  <datafield tag="650" ind1=" " ind2="0">
   <subfield code="a">Electronic books.</subfield>
  </datafield>
  <datafield tag="700" ind1="1" ind2=" ">
   <subfield code="a">Balch, William Edward</subfield>
   <subfield code="e">editor.</subfield>
  </datafield>
  <datafield tag="700" ind1="1" ind2=" ">
   <subfield code="a">Der, Channing J.</subfield>
   <subfield code="e">editor.</subfield>
  </datafield>
  <datafield tag="700" ind1="1" ind2=" ">
   <subfield code="a">Hall, Alan</subfield>
   <subfield code="e">editor.</subfield>
  </datafield>
  <datafield tag="830" ind1=" " ind2="0">
   <subfield code="a">Methods in enzymology</subfield>
   <subfield code="v">volume 332.</subfield>
  </datafield>
  <datafield tag="856" ind1="4" ind2="0">
   <subfield code="y">Available for University of the Philippines System via Science Direct.  Also available remotely thru Open Athens.</subfield>
   <subfield code="u">https://www.sciencedirect.com/bookseries/methods-in-enzymology/vol/332/suppl/c</subfield>
   <subfield code="z">(viewed 10 May 2022)</subfield>
  </datafield>
  <datafield tag="905" ind1=" " ind2=" ">
   <subfield code="a">FO</subfield>
  </datafield>
  <datafield tag="852" ind1="0" ind2=" ">
   <subfield code="a">UPD</subfield>
   <subfield code="b">DSCI</subfield>
   <subfield code="h">QP 609 G83</subfield>
   <subfield code="i">R44 2001EB</subfield>
  </datafield>
  <datafield tag="942" ind1=" " ind2=" ">
   <subfield code="a">Electronic Resource</subfield>
  </datafield>
 </record>
</collection>
